| 000 | 00338 a2200121 4500 | ||
|---|---|---|---|
| 001 | 61723 | ||
| 082 | _a378.242 ATI | ||
| 090 |
_c37140 _d37140 |
||
| 100 | _aAtiq ul Anam | ||
| 245 | _aGeneric bi directional ring network emulator over TCP/IP | ||
| 260 |
_aRisalpur _bAvionics Engg Dept, CAE NUST, Risalpur _c2002 |
||
| 500 | _aMS thesis | ||
| 942 |
_aNUST-CAE _k378.242 ATI |
||
| 999 |
_c296796 _d296796 |
||